Etica e pedagogia della vita sessuale : una nuova motivazione di antiche verita : libro per adulti /

সংরক্ষণ করুন:
গ্রন্থ-পঞ্জীর বিবরন
প্রধান লেখক: Förster, Friedrich Wilhelm (লেখক)
অন্যান্য লেখক: Bongioanni, Luigi Enrico
বিন্যাস: গ্রন্থ
ভাষা:ইতালিয়
প্রকাশিত: Torino : S.T.E.N., 1921
সংস্করন:Terza edizione stereotipa (5. e 6. migliaio)
বিষয়গুলি:
ট্যাগগুলো: ট্যাগ যুক্ত করুন
কোনো ট্যাগ নেই, প্রথমজন হিসাবে ট্যাগ করুন!

MARC

LEADER 00000nam a22000007i 4500
001 IT\ICCU\NAP\0326433
003 ItRI
005 20250702222950.0
008 050217s1921 it |||||| ||||| |||||c
015 |2 IT  |a 1921 3694 
024 7 0 |a 242908  |2 cubi 
040 |b ita  |c Arcigay Genova 
041 7 |a ita  |2 ISO-639-2 
100 1 |a Förster, Friedrich Wilhelm  |0 IT\ICCU\PUVV\413134  |4 aut 
245 1 0 |a Etica e pedagogia della vita sessuale :  |b una nuova motivazione di antiche verita : libro per adulti /  |c Fr. W. Forster ; versione italiana del Dottor.L. E. Bongioanni. 
250 |a Terza edizione stereotipa (5. e 6. migliaio) 
260 |a Torino :  |b S.T.E.N.,  |c 1921 
300 |a 374 p. ;  |c 20 cm. 
650 7 |a Educazione sessuale 
650 7 |a Morale sessuale 
700 1 |a Bongioanni, Luigi Enrico  |0 IT\ICCU\RAVV\091813 
942 |2 ddc  |c BK 
952 |0 0  |1 0  |2 ddc  |4 0  |6 B_SSA03FORFRETI11  |7 1  |9 4464  |a MI  |b MI  |d 2005-04-02  |i 81  |l 0  |o B-SSA03-FORFR-ETI11  |p CDOM81  |r 2025-07-02 13:46:33  |w 2025-07-02  |x ACQUISTO  |y BK 
981 1 |6 z01  |a i   |b xxxe  
982 1 |6 z01  |a n 
999 |c 3486  |d 3486